The formation and disruption of black hole jets (Record no. 19131)
[ view plain ]
| 000 -LEADER | |
|---|---|
| fixed length control field | 00840nam a2200253Ia 4500 |
| 003 - CONTROL NUMBER IDENTIFIER | |
| control field | IN-BaIIA |
| 005 - DATE AND TIME OF LATEST TRANSACTION | |
| control field | 20230901115201.0 |
| 008 - FIXED-LENGTH DATA ELEMENTS--GENERAL INFORMATION | |
| fixed length control field | 211028s9999 xx 000 0 eng d |
| 020 ## - INTERNATIONAL STANDARD BOOK NUMBER | |
| International Standard Book Number | 978-3-319-34995-4 |
| 040 ## - CATALOGING SOURCE | |
| Transcribing agency | IIA LIB |
| 080 ## - UNIVERSAL DECIMAL CLASSIFICATION NUMBER | |
| Universal Decimal Classification number | 52(082.1) |
| Item number | ASS-414 |
| 245 #4 - TITLE STATEMENT | |
| Title | The formation and disruption of black hole jets |
| Statement of responsibility, etc. | edited by Ioannis Contopoulos, Denise Gabuzda, Nikolaos Kylafis. |
| 260 ## - PUBLICATION, DISTRIBUTION, ETC. | |
| Place of publication, distribution, etc. | Cham |
| Name of publisher, distributor, etc. | Springer |
| Date of publication, distribution, etc. | 2015 |
| 300 ## - PHYSICAL DESCRIPTION | |
| Extent | xi, 264p. |
| 490 ## - SERIES STATEMENT | |
| Series statement | Astrophysics and Space Science Library; vol. 414 |
| International Standard Serial Number | 0067-0057 |
| 650 ## - SUBJECT ADDED ENTRY--TOPICAL TERM | |
| Topical term or geographic name entry element | Astrophysical jets |
| 9 (RLIN) | 13128 |
| 650 ## - SUBJECT ADDED ENTRY--TOPICAL TERM | |
| Topical term or geographic name entry element | Black holes (Astronomy) |
| 650 ## - SUBJECT ADDED ENTRY--TOPICAL TERM | |
| Topical term or geographic name entry element | Physics |
| 9 (RLIN) | 73 |
| 650 ## - SUBJECT ADDED ENTRY--TOPICAL TERM | |
| Topical term or geographic name entry element | Science - astronomy |
| 9 (RLIN) | 36158 |
| 700 ## - ADDED ENTRY--PERSONAL NAME | |
| Personal name | Contopoulos, Ioannis., ed. |
| 9 (RLIN) | 36526 |
| 700 ## - ADDED ENTRY--PERSONAL NAME | |
| Personal name | Gabuzda, Denise., ed. |
| 9 (RLIN) | 36527 |
| 700 ## - ADDED ENTRY--PERSONAL NAME | |
| Personal name | Kylafis, Nikolaos ., ed. |
| 9 (RLIN) | 36528 |
| 942 ## - ADDED ENTRY ELEMENTS (KOHA) | |
| Koha item type | Books |
| Source of classification or shelving scheme | Dewey Decimal Classification |
| Withdrawn status | Lost status | Damaged status | Not for loan | Home library | Current library | Shelving location | Date acquired | Cost, normal purchase price | Total Checkouts | Full call number | Barcode | Date last seen | Cost, replacement price | Price effective from | Koha item type | Purchase Price | Source of classification or shelving scheme | Source of acquisition |
|---|---|---|---|---|---|---|---|---|---|---|---|---|---|---|---|---|---|---|
| IIA Library-Bangalore | IIA Library-Bangalore | General Stacks | 20/11/2015 | 6121.00 | 52(082.1)/ ASS-414 | 20053 | 05/11/2021 | 6121.00 | 20/11/2015 | Books | Rs. 6121.00 | |||||||
| IIA Library-Bangalore | IIA Library-Bangalore | General Stacks | 27/01/2023 | 7009.67 | 52(082.1)/ ASS-414 | 20574 | 27/01/2023 | 8247.00 | 27/01/2023 | Books | Universal Decimal Classification | 7 | ||||||
| IIA Library-Bangalore | IIA Library-Bangalore | General Stacks | 27/01/2023 | 7009.67 | 52(082.1)/ ASS-414 | 20573 | 27/01/2023 | 8247.00 | 27/01/2023 | Books | Universal Decimal Classification | 7 | ||||||
| IIA Library-Bangalore | IIA Library-Bangalore | General Stacks | 27/01/2023 | 7009.67 | 52(082.1)/ ASS-414 | 20572 | 27/01/2023 | 8247.00 | 27/01/2023 | Books | Universal Decimal Classification | 7 |